Library of the University of Algiers 3
Ibrahim Sultan Cheibout
شعار جامعة الجزائر 3
مكتبة جامعة الجزائر 3
إبراهيم سلطان شيبوط

الحديث في الإقتصاد القياسي بين النظرية والتطبيق / (رقم التسجيلة. 43035)

تفاصيل مارك
000 -LEADER
fixed length control field 01080nam a2200241Ia 4500
003 - CONTROL NUMBER IDENTIFIER
control field Ost
005 - DATE AND TIME OF LATEST TRANSACTION
control field 20260507075117.0
008 - FIXED-LENGTH DATA ELEMENTS--GENERAL INFORMATION
fixed length control field 260507s9999||||xx |||||||||||||| ||und||
020 ## - INTERNATIONAL STANDARD BOOK NUMBER
International Standard Book Number 1136328977
040 ## - CATALOGING SOURCE
Transcribing agency fsecg
041 ## - LANGUAGE CODE
Language code of text/sound track or separate title ara
082 ## - DEWEY DECIMAL CLASSIFICATION NUMBER
Classification number 330.015195
100 ## - MAIN ENTRY--PERSONAL NAME
Personal name عطية، عبد القادر محمد عبد القادر
Relator term مؤلف
245 #0 - TITLE STATEMENT
Title الحديث في الإقتصاد القياسي بين النظرية والتطبيق /
Statement of responsibility, etc. عبد القادر محمد عبد القادر عطية
260 ## - PUBLICATION, DISTRIBUTION, ETC.
Place of publication, distribution, etc. الإسكندرية:
Name of publisher, distributor, etc. الدار الجامعية,
Date of publication, distribution, etc. 2005
300 ## - PHYSICAL DESCRIPTION
Extent 917 صفحة؛
Other physical details إيضاحات ؛
Dimensions 25 سم
504 ## - BIBLIOGRAPHY, ETC. NOTE
Bibliography, etc. note المراجع ص.915
520 ## - SUMMARY, ETC.
Summary, etc. قياس نماذج ذات المعادلة الواحدة- المشاكل القياسية- النماذج القياسية متعددة المعادلات- الإقتصاد القياسي التطبيقي
653 ## - INDEX TERM--UNCONTROLLED
Uncontrolled term الإحصاء - المعاملات الإرتباطية
653 ## - INDEX TERM--UNCONTROLLED
Uncontrolled term الإقتصاد
653 ## - INDEX TERM--UNCONTROLLED
Uncontrolled term الإقتصاد القياسي
942 ## - ADDED ENTRY ELEMENTS (KOHA)
Koha item type كتب
المقتنيات
Withdrawn status Lost status Source of classification or shelving scheme Damaged status Not for loan Home library Current library Date acquired Serial enumeration / chronology Inventory number Total checkouts Full call number Barcode Date last seen Price effective from Koha item type
    Dewey Decimal Classification   NOT LOAN / إعارة داخلية مكتبة كلية العلوم الإقتصادية والعلوم التجارية وعلوم التسيير مكتبة كلية العلوم الإقتصادية والعلوم التجارية وعلوم التسيير 07/05/2026 الطابق الأرضي 1953/1   أ/1953ن1 1953/1 07/05/2026 07/05/2026 كتب
    Dewey Decimal Classification   Available مكتبة كلية العلوم الإقتصادية والعلوم التجارية وعلوم التسيير مكتبة كلية العلوم الإقتصادية والعلوم التجارية وعلوم التسيير 07/05/2026 الطابق الثاني 1953/2   أ/1953ن2 1953/2 07/05/2026 07/05/2026 كتب

موارد الويب المفتوحة


© University of Algiers 3 All Rights Reserved
|
Implemented by LECHELAH Riad